Šou po východniarsky : Drišľak a Železiar si podali ruky

Podrobná bibliografia
Hlavní autori: Seman, Samo (Author), Kalman, Vilo (Author), Komendová, Iveta (Author), Urban, Vladimír (Author)
Médium: Článok
Jazyk:Slovak
Témy:
Zdroj: 1. Lúč 1. Roč. 6, č. 66(1997), dát. 0320, s. 9
LEADER 01037nab#a2200373#ar4500
001 000014213
003 SVKKK
005 00000000000000.0
008 c xo e sloo
FMT
038 |a SVKKK 
040 |a SVKKK  |b slo  |e AACR2 
041 0 |a slo 
044 |a xo  |c SK 
080 |a 7  |2 1981 
080 |a 793.3  |2 1981 
100 1 |a Seman, Samo  |4 aut 
245 1 0 |a Šou po východniarsky :  |b Drišľak a Železiar si podali ruky  |c Seman Samo ... [et al.] 
300 |b Fotogr. 1 
650 0 4 |a Drišľak (skupina hudobná), Vranov nad Topľou  |z Železiar (súbor folklórny), Košice  |x vystúpenie spoločné  |z Košice  |x činnosť  |x rozhovory 
700 1 |a Kalman, Vilo  |4 aut 
700 1 |a Komendová, Iveta  |4 aut 
700 1 |a Urban, Vladimír  |4 aut 
773 0 |t Lúč  |g Roč. 6, č. 66(1997), dát. 0320, s. 9 
957 |a Košice 
957 |a Vranov nad Topľou 
958 |a KE 
958 |a RE 
958 |a VT 
974 |d 970430  |a Čr 
992 |a RBX 
BAS
852 |a SVKKK  |b BIB 
998 |a REG